000 01916cam a22004334i 4500
003 PE-LiUPU
005 20250731175641.0
008 150706s r 000 0 d
020 _a9781405882330
035 _a(Sirsi) i9781405882330
040 _aPE-LiUPU
_bspa
_cPE-LiUPU
_erda
049 _aPRUA
082 0 4 _a428.6461
_bPR4t
_221
100 1 _aMcCourt, Frank,
_d1930-2009,
_eautor.
245 1 0 _aTeacher man /
_cFrank McCourt contado por Chris Rice.
264 1 _aHarlow :
_bPearson Education,
_c2008.
300 _avii, 78 páginas :
_bilustraciones ;
_c20 cm.
300 _a03 CD-ROM (1-3)
336 _atext
_2rdacontent
337 _aunmediated
_2rdamedia
338 _avolume
_2rdacarrier
490 0 _aPenguin Readers ;
_vLevel 4
505 0 _aTeaching -- A sandwich situation -- A problem with sheep -- Stories -- Open day -- Grammar and gibberish -- Excuse notes -- Kevin -- The college lecturer -- Fashion high school -- The moon in the lake -- A trip to the movies -- Hamlet -- Andrew and the tilting chair -- A failed everything -- Stuyvesant high school -- The dinner conversation -- Problems with parents -- Bob and Ken -- Last day in school.
526 _aP145
526 _aP127
526 _aP97
526 _aP35
526 _aP14
526 _aP07
541 _g002-0046574;
650 0 4 _aInglés
_vLibros de Lecturas.
700 1 _aRice, Christopher.
910 _agl20120514
942 _2ddc
_cBOOK
949 _a428.6461 PR4T
_wDEWEY
_c1
_i64656
_lCCODEBUL1
_mBUL
_p5.00
_r0
_sY
_tBOOK
_u2015-7-6
_xEDUCACION
_PP20
_o.STAFF. Colección General
994 _aC0
_bPEPRU
596 _a1
999 _a428.6461 PR4T
_wDEWEY
_c53360
_i64656
_d53360
_e2019-7-8
_f2021-11-8
_g5
_lCCODEBUL1
_mBUL
_n2
_p5.00
_q1
_r0
_sY
_tBOOK
_u2015-7-6
_xEDUCACION
_PP20
_0COMPRA
_o.STAFF. Colección General
980 _81
_gALBERTO SANCHEZ Responsable de Automatización